000 00674nam a2200217 a 4500
001 000012498
005 20240530073914.0
008 091113s2002 dr r 000 f spa d
020 _z9993403034
040 _aDO-SdBNP
_bspa
_cBNPHU
082 _aRD863.44
_bM385s, 2002
100 1 _aMartínez Montero, Juan,
_d1950-
_929217
245 1 3 _aEl sitio de donde el diablo se mudó /
_cJuan Martínez Montero.
250 _a2a ed.
260 _aSanto Domingo :
_bCocolo,
_c2002.
300 _a201 p. ;
_c22 cm.
590 _aInventariado, 2020/BT
650 0 _aNovela dominicana
_9223
650 0 _aLiteratura dominicana.
_967
910 _aValidado. Control de calidad. MMOLINA
999 _c12153
_d12153